<?xml version="1.0" encoding="UTF-8"?>
<record
    xmlns:xsi="http://www.w3.org/2001/XMLSchema-instance"
    xsi:schemaLocation="http://www.loc.gov/MARC21/slim http://www.loc.gov/standards/marcxml/schema/MARC21slim.xsd"
    xmlns="http://www.loc.gov/MARC21/slim">

  <leader>03056nam a22002657a 4500</leader>
  <controlfield tag="005">20240305165614.0</controlfield>
  <controlfield tag="007">cr||||   |||| </controlfield>
  <controlfield tag="008">210831s2003    ca |||||s|||| 00||0 eng d</controlfield>
  <datafield tag="020" ind1=" " ind2=" ">
    <subfield code="a">9781459313569</subfield>
  </datafield>
  <datafield tag="035" ind1=" " ind2=" ">
    <subfield code="a">35283</subfield>
  </datafield>
  <datafield tag="040" ind1=" " ind2=" ">
    <subfield code="a">vLex</subfield>
  </datafield>
  <datafield tag="090" ind1=" " ind2=" ">
    <subfield code="c">12172</subfield>
    <subfield code="d">12172</subfield>
  </datafield>
  <datafield tag="100" ind1="1" ind2=" ">
    <subfield code="a">Mullan, David</subfield>
  </datafield>
  <datafield tag="245" ind1="1" ind2="0">
    <subfield code="a">Commissions of Inquiry</subfield>
    <subfield code="h">[Recurso electr&#xF3;nico] :</subfield>
    <subfield code="b">Praise or Reappraise? /</subfield>
    <subfield code="c">David Mullan, Allan Manson</subfield>
  </datafield>
  <datafield tag="256" ind1=" " ind2=" ">
    <subfield code="a">Servicio en l&#xED;nea</subfield>
  </datafield>
  <datafield tag="260" ind1=" " ind2=" ">
    <subfield code="a">Toronto:</subfield>
    <subfield code="b">Irwin Law Inc.,</subfield>
    <subfield code="c">2003</subfield>
  </datafield>
  <datafield tag="300" ind1=" " ind2=" ">
    <subfield code="a">1 recurso electr&#xF3;nico</subfield>
  </datafield>
  <datafield tag="500" ind1=" " ind2=" ">
    <subfield code="a">Commissions of inquiry have had a significant role in the development of public policy in Canada. Historically, Canadian governments have relied on these bodies to consider broad matters of national importance, and the recommendations from these commissions have sometimes led to profound changes in the way in which we are governed. Recently commissions have been used to examine specific events such as the deployment of troops in Somalia, or contaminated water in Walkerton, as well as broader policy issues such as the future Canada&#x92;s public health system. As instruments for both ensuring public accountability and reforming public policy, commissions of inquiry have become an ingrained part of our traditions of governance. This timely and important volume brings together leading academics and practitioners, former commissioners, and international observers in an assessment of the role and conduct of commissions of inquiry in Canada. It provides a comprehensive source of legal doctrine in relation to commissions of inquiry and it also brings a political science perspective to the function and pathology of this kind of investigative and policy-making instrument. The discussion of specific inquiries includes both criticisms and recommendations for improvement. The book will appeal to members of the public who want to know more about this often controversial public vehicle; journalists, political theorists, and legal scholars who have become observers, fans, or critics of inquiries; and those officials who find themselves involved in the operation of an inquiry. These authors&#x92; insights will be of particular value to those engaged in structuring and undertaking an inquiry, as well as to those individuals and agencies who find themselves within the scrutiny of a commission of inquiry. The book has its origins in a conference held in Kingston, Ontario in 1999, sponsored by the Law Commission of Canada. The editors and the publisher gratefully acknowledge the Commission&#x92;s support.</subfield>
  </datafield>
  <datafield tag="506" ind1="1" ind2=" ">
    <subfield code="a">Disponible solo en los productos indicados</subfield>
    <subfield code="d">vLex Global</subfield>
    <subfield code="d">vLex Global (Academic Edition, excluding Law Schools)</subfield>
    <subfield code="d">vLex Global (U.S. Academic Edition, Law Schools)</subfield>
    <subfield code="d">vLex Global (U.S. Academic Edition, excluding Law Schools)</subfield>
    <subfield code="d">vLex Global (Academic Edition, Law Schools)</subfield>
  </datafield>
  <datafield tag="650" ind1="0" ind2="4">
    <subfield code="a">Derecho P&#xFA;blico y Administrativo</subfield>
    <subfield code="z">Canad&#xE1;</subfield>
  </datafield>
  <datafield tag="700" ind1="1" ind2=" ">
    <subfield code="a">Manson, Allan</subfield>
  </datafield>
  <datafield tag="740" ind1="0" ind2=" ">
    <subfield code="a">vLex Libros (Servicio en l&#xED;nea)</subfield>
  </datafield>
  <datafield tag="856" ind1="4" ind2="0">
    <subfield code="u">https://app.vlex.com/#/sources/35283</subfield>
  </datafield>
  <datafield tag="942" ind1=" " ind2=" ">
    <subfield code="c">RAA</subfield>
  </datafield>
  <datafield tag="952" ind1=" " ind2=" ">
    <subfield code="0">0</subfield>
    <subfield code="1">0</subfield>
    <subfield code="4">0</subfield>
    <subfield code="7">0</subfield>
    <subfield code="8">VLEX</subfield>
    <subfield code="9">328357</subfield>
    <subfield code="a">BD-UIN</subfield>
    <subfield code="b">BD-UIN</subfield>
    <subfield code="d">2024-03-05</subfield>
    <subfield code="l">0</subfield>
    <subfield code="p">35283</subfield>
    <subfield code="r">2024-03-05</subfield>
    <subfield code="w">2024-03-05</subfield>
    <subfield code="y">RAA</subfield>
  </datafield>
  <datafield tag="999" ind1=" " ind2=" ">
    <subfield code="c">170408</subfield>
    <subfield code="d">170408</subfield>
  </datafield>
</record>
